| 000 | 00459nam a2200181 a 4500 | ||
|---|---|---|---|
| 001 | 1728 | ||
| 005 | 20140414131922.0 | ||
| 008 | 001117s19uu xx 00 eng d | ||
| 020 | _a0-7214-0938-5 | ||
| 050 |
_aER _bW56 1985 |
||
| 100 | _aMcCullagh, Shiela | ||
| 245 |
_aWhen the clock struck thirteen / _cShiela McCullagh. |
||
| 260 |
_aUK : _bLadybird, _c1985. |
||
| 300 | _a43 p. ; cm. | ||
| 440 | _aPuddle lane | ||
| 650 | _aFantasy. | ||
| 999 |
_c111807 _d111807 |
||